| 000 | 00492nam a2200193 a 4500 | ||
|---|---|---|---|
| 005 | 20240924070226.0 | ||
| 008 | 991125s1997 mx 000 0 spa u | ||
| 020 | _a9701802497 | ||
| 035 | _aUPN01000023042 | ||
| 049 | _aCG | ||
| 050 | 4 |
_aBJ66 _bG33 |
|
| 100 | 1 |
_aGarzón Bates, Mercedes _941190 |
|
| 245 | 1 | 3 |
_aLa ética / _cMercedes Garzón Bates. |
| 260 |
_aMéxico : _bCNCA, _c1997. |
||
| 300 |
_a63 p. : _bil. |
||
| 440 | 0 | _aTercer milenio | |
| 650 | 4 |
_aÉtica _912720 |
|
| 905 | _aLibro | ||
| 999 |
_c23042 _d23042 |
||